Préfectures alternant consonnes et voyelles - Statistiques

Statistiques générales
  • Ce quiz a été pris 20 fois
  • Le résultat moyen est 8 sur 12
Statistiques - réponses
Préfectures % Correct
Paris
100%
Gap
79%
Laval
79%
Nice
79%
Nîmes
74%
Dijon
68%
Limoges
68%
Agen
63%
Épinal
58%
Melun
58%
Rodez
58%
Macon
42%
Aucun quiz correspondant
Distribution des résultats
% des personnes avec chaque résultat
Percentile par nombre de réponses
Votre historique - résultats
Vous n’avez pas pris ce quiz